00469nam a2200157Ia 4500020001800000082001700018100001700035245006000052260004000112300001000152504001900162650002000181650003500201650003500236650004000271 a81-7049-127-4 a954.04 GUL-; aGulati, M.N. 0aPakistan's downfall in Kashmir: the three Indo-Pak wars aNew DelhibManas Publicationsc2001 a336p. aIncludes index aIndia - History aIndia-Pakistan conflict - 1965 aIndia-Pakistan conflict - 1971 aIndia-Pakistan conflict - 1947-1949